Código de cánones de las iglesias orientales (Record no. 11012)

MARC details
000 -LEADER
campo de control de longitud fija 01572nam a22003855i 4500
001 - NÚMERO DE CONTROL
campo de control 11012
003 - IDENTIFICADOR DE NÚMERO DE CONTROL
campo de control ES-MaACL
005 - FECHA Y HORA DE LA ÚLTIMA TRANSACCIÓN
campo de control 20250830111222.0
007 - CAMPO FIJO DE DESCRIPCIÓN FÍSICA--INFORMACIÓN GENERAL
campo de control de longitud fija t|
008 - DATOS DE LONGITUD FIJA--INFORMACIÓN GENERAL
campo de control de longitud fija 940922s1994 sp ||||0| spa j
017 ## - NÚMERO DE COPYRIGHT O DE DEPÓSITO LEGAL
Número de copyright o de depósito legal M 19515-1994
Agencia que asigna Oficina Depósito Legal Madrid
020 ## - NÚMERO INTERNACIONAL ESTÁNDAR DEL LIBRO
Número Internacional Estándar del Libro 84-7914-136-0
040 ## - FUENTE DE CATALOGACIÓN
Centro catalogador/agencia de origen M-BN
Lengua de catalogación spa
Centro/agencia transcriptor M-BN
080 ## - NÚMERO DE LA CLASIFICACIÓN DECIMAL UNIVERSAL
Número de la Clasificación Decimal Universal 348.1/.7(094.4)
110 2# - ENTRADA PRINCIPAL--NOMBRE DE ENTIDAD CORPORATIVA
Nombre de entidad corporativa o nombre de jurisdicción como elemento de entrada Iglesia Católica
Término indicativo de función/relación entidad responsable
9 (RLIN) 4639
240 10 - TÍTULO UNIFORME
Título uniforme Codex canonum Ecclesiarum Orientalium
Lenguaje de la obra Español-Latín
9 (RLIN) 241664
245 10 - MENCIÓN DEL TÍTULO
Título Código de cánones de las iglesias orientales
250 ## - MENCION DE EDICION
Mención de edición Ed. bilingüe /
Resto de la mención de edición comentada por los profesores de la Facultad de Derecho Canónico de la Universidad Pontificia de Salamanca ; colaboradores, Juan Luis Acebal Luján ... [et al.] ; prólogo del Card. Achille Silvestrini.
260 ## - PUBLICACIÓN, DISTRIBUCIÓN, ETC.
Lugar de publicación, distribución, etc. Madrid :
Nombre del editor, distribuidor, etc. Biblioteca de Autores Cristianos,
Fecha de publicación, distribución, etc. 1994
300 ## - DESCRIPCIÓN FÍSICA
Extensión XVIII, 685 páginas ;
Dimensiones 20 cm
490 1# - MENCIÓN DE SERIE
Mención de serie Biblioteca de autores cristianos ;
Designación de volumen o secuencia 542
500 ## - NOTA GENERAL
Nota general Índice
534 ## - NOTA SOBRE LA VERSIÓN ORIGINAL
Encabezamiento principal del original Traducción de: Codex canonum ecclesiarum orientalium
546 ## - NOTA DE IDIOMA
Nota de lengua/lenguaje Texto en latín y traducción en español
650 #7 - PUNTO DE ACCESO ADICIONAL DE MATERIA--TÉRMINO DE MATERIA
Término de materia o nombre geográfico como elemento de entrada Derecho canónico oriental
Fuente del encabezamiento o término embne
9 (RLIN) 241665
655 #0 - TERMINO DE INDIZACIÓN--GENERO/FORMA
Datos o término principal de género/forma Legislación
9 (RLIN) 226283
700 1# - ENTRADA AGREGADA--NOMBRE PERSONAL
Nombre de persona Acebal, Juan Luis,
Fechas asociadas al nombre 1930-1998
Término indicativo de función/relación Colaborador
9 (RLIN) 18209
700 1# - ENTRADA AGREGADA--NOMBRE PERSONAL
Nombre de persona Silvestrini, Achille,
Fechas asociadas al nombre 1923-2019
Término indicativo de función/relación Autor de introducción
9 (RLIN) 106447
830 #0 - PUNTO DE ACCESO ADICIONAL DE SERIE-TÍTULO UNIFORME
Título uniforme Biblioteca de autores cristianos ;
Designación de volumen o secuencia 542
9 (RLIN) 178679
852 4# - LOCALIZACIÓN
Ubicación ES-MaACL
Sublocalización o colección R.46092
Ubicación en estantería Depósito 2
Número de control de estantería J-529
942 ## - ELEMENTOS DE ENTRADA SECUNDARIOS (KOHA)
Tipo de ítem Koha Libro impreso
Suprimir en OPAC No
Holdings
Estatus retirado Estado de pérdida Estado de daño No para préstamo Biblioteca de origen Biblioteca actual Ubicación en estantería Fecha de adquisición Fuente de adquisición Total de préstamos Signatura topográfica completa Código de barras Visto por última vez Precio de reemplazo Tipo de ítem Koha
        Biblioteca del Ateneo de Madrid Biblioteca del Ateneo de Madrid Depósito 2 17/01/2008     J-529 1011230 23/02/2023 23/02/2023 Libro impreso